F1 Winners: Mexican Grand Prix - Statistics

General Stats
  • This quiz has been taken 673 times
    551 since last reset
  • The average score is 15 of 20
Answer Stats
Season Circuit Winner % Correct
2016 Hermanos Rodríguez Lewis Hamilton
99%
2019 Hermanos Rodriguez Lewis Hamilton
99%
2017 Hermanos Rodríguez Max Verstappen
96%
2018 Hermanos Rodriguez Max Verstappen
96%
1988 Hermanos Rodríguez Alain Prost
95%
1990 Hermanos Rodríguez Alain Prost
95%
1989 Hermanos Rodríguez Ayrton Senna
94%
2015 Hermanos Rodríguez Nico Rosberg
93%
1987 Hermanos Rodríguez Nigel Mansell
87%
1992 Hermanos Rodríguez Nigel Mansell
87%
1963 Magdalena Mixhuca Jim Clark
77%
1967 Magdalena Mixhuca Jim Clark
77%
1968 Magdalena Mixhuca Graham Hill
74%
1966 Magdalena Mixhuca John Surtees
64%
1969 Magdalena Mixhuca Denny Hulme
56%
1986 Hermanos Rodríguez Gerhard Berger
51%
1991 Hermanos Rodríguez Riccardo Patrese
51%
1970 Magdalena Mixhuca Jacky Ickx
45%
1964 Magdalena Mixhuca Dan Gurney
27%
1965 Magdalena Mixhuca Richie Ginther
21%
No matching quizzes found
Score Distribution
Percent of People with Each Score
Percentile by Number Answered
Your Score History
You have not taken this quiz since the last reset